Scarface
Ο Tony Montana είναι ένας ακόμα λαθρομετανάστης, που αναζητά το Αμερικάνικο όνειρο. Αφού περάσει από όλα τα απαραίτητα στάδια του εξευτελισμού και της απόλυτης ένδειας, θα αρπάξει την ευκαιρία που του παρουσιάζεται και τόσο καιρό περιμένει για μια καλύτερη ζωή - για την ακρίβεια θα αρπάξει όλες τις...
Saved in:
| Other Authors: | , |
|---|---|
| Format: | |
| Language: | English Multiple |
| Published: |
[S.l.] :
Universal Studios,
c2003.
|
| Edition: | 2 disc special ed. |
| Subjects: | |
| Tags: |
Add Tag
No Tags, Be the first to tag this record!
|
MARC
| LEADER | 00000cgm a2200000 i 4500 | ||
|---|---|---|---|
| 001 | 1/2450 | ||
| 008 | 091215s2003 xx ||| | || ||eng|| | ||
| 035 | |l 10106006 | ||
| 040 | |a GR-MyUa |b gre |e AACR2 | ||
| 041 | 0 | |a eng |j mul | |
| 082 | 7 | |a 791.437 |2 (22) | |
| 245 | 0 | 0 | |a Scarface |h [μαγνητοσκόπηση] / |c directed by Brian De Palma. |
| 250 | |a 2 disc special ed. | ||
| 260 | |a [S.l.] : |b Universal Studios, |c c2003. | ||
| 300 | |a 2 βιντεοδίσκοι (164 λεπτ.) : |b ομίλ., έγχρ. ; |c 4 3/4 ίν. | ||
| 500 | |a Κυκλοφόρησε πρώτη φορά ως κινηματογραφική ταινία το 1983. | ||
| 508 | |a Σενάριο, Oliver Stone ; μουσική, Giorgio Moroder ; διεύθυνση φωτογραφίας, John A. Alonzo ; εκτέλεση παραγωγής, Louis A. Stroller ; παραγωγή, Martin Bregman. | ||
| 511 | 0 | |a Al Pacino. | |
| 520 | 8 | |a Ο Tony Montana είναι ένας ακόμα λαθρομετανάστης, που αναζητά το Αμερικάνικο όνειρο. Αφού περάσει από όλα τα απαραίτητα στάδια του εξευτελισμού και της απόλυτης ένδειας, θα αρπάξει την ευκαιρία που του παρουσιάζεται και τόσο καιρό περιμένει για μια καλύτερη ζωή - για την ακρίβεια θα αρπάξει όλες τις ευκαιρίες - και θα φτάσει στην κορυφή: την κορυφή όλων των παράνομων δραστηριοτήτων. | |
| 521 | 8 | |a Ακατάλληλο μέχρι 17 χρόνων. | |
| 546 | |a Στα αγγλικά με υπότιτλους στα ελληνικά. | ||
| 650 | 0 | |a Drug dealers |v Drama. | |
| 655 | 7 | |a Feature films |2 lcgft | |
| 700 | 1 | |a De Palma, Brian, |e drt | |
| 700 | 1 | |a Pacino, Al, |d 1940- |e act | |
| 852 | |a INST |b SYROS |c AV |e 20091215 |h 791.437 DEP |p 005500007962 |q 005500007962 |t DVD |y 23 |z Disc.1 | ||
| 852 | |a INST |b SYROS |c AV |e 20091215 |h 791.437 DEP |p 005500007963 |q 005500007963 |t DVD |y 23 |z Disc.2 | ||
| 852 | |a INST |b SYROS |c AV |e 20091215 |h 791.437 DEP |p 005500007962 |q 005500007962 |t DVD |v Disc.1: |y 23 |z Disc.1 | ||
| 852 | |a INST |b SYROS |c AV |e 20091215 |h 791.437 DEP |p 005500007963 |q 005500007963 |t DVD |v Disc.2: |y 23 |z Disc.2 | ||
| 853 | |a INST |b SYROS |c AV |h 791.437 DEP | ||
| 901 | |a BIBL5-2008-1 | ||
| 922 | |a 5ΕΛΗ |b 200709 |c Βιβλιοθήκη Σύρου |d Anaco | ||
| 970 | |a Κοντού |b Παρασκευή |z 15/12/2009 | ||